000
00305nam a22001217a 4500
040
_c
SY
082
_a
630
100
_a
FAO
245
_a
ផែនការសកម្មភាពជាតិឧត្តសិក្សាកសិកម្ម
260
_a
NA
_b
FAO
_c
1999
300
_a
314p.
942
_c
KB
999
_c
9803
_d
9803